[Event "34th Chess Olympiad (men)"]
[Site "Istanbul"]
[Date "2000.11.06"]
[Round "9.1.1"]
[White "Jussupow, Artur"]
[Black "Ivanchuk, Vassily"]
[WhiteElo "2610"]
[BlackElo "2719"]
[WhiteCountry "GER"]
[BlackCountry "UKR"]
[Result "1/2-1/2"]

1. d4 d5 2. c4 c6 3. Nc3 Nf6 4. e3 e6 5. b3 Bb4 6. Bb2 Ne4 7. Qc2 e5 
8. Bd3 exd4 9. exd4 Nxc3 10. Bxc3 dxc4 11. Bxb4 Qxd4 12. O-O-O cxd3 
13. Qxd3 Qxd3 14. Rxd3 Na6 15. Ba3 c5 16. Ne2 O-O 17. Nf4 Bf5 18. Rd6 Rfe8 
19. Rhd1 Be4 20. f3 Bc6 21. h4 Rac8 22. Kb1 h6 23. Bb2 Nc7 24. Rc1 f6 
25. Rxc5 Rcd8 
1/2-1/2

[Event "34th Chess Olympiad (men)"]
[Site "Istanbul"]
[Date "2000.11.06"]
[Round "9.1.3"]
[White "Dautov, Rustem"]
[Black "Romanishin, Oleg M"]
[WhiteElo "2606"]
[BlackElo "2591"]
[WhiteCountry "GER"]
[BlackCountry "UKR"]
[Result "1/2-1/2"]

1. d4 Nf6 2. c4 g6 3. Nc3 d5 4. Nf3 Bg7 5. cxd5 Nxd5 6. e4 Nxc3 7. bxc3 c5 
8. Be3 Qa5 9. Qd2 O-O 10. Rc1 Bg4 11. d5 Bxf3 12. gxf3 Nd7 13. c4 Qc7 14. f4 e5 
15. dxe6 fxe6 16. Bh3 Rae8 17. O-O Nf6 18. e5 Nh5 19. Bg4 Bh6 20. Qd6 Qf7 
21. Qxc5 Bxf4 22. Bxh5 gxh5 23. Bxf4 Qxf4 24. Qe3 Re7 25. Qxf4 Rxf4 
26. Rc2 Rg7+ 27. Kh1 Rg5 28. Rg1 Rxg1+ 
1/2-1/2

[Event "34th Chess Olympiad (men)"]
[Site "Istanbul"]
[Date "2000.11.06"]
[Round "9.1.4"]
[White "Malakhatko, Vadim"]
[Black "Bischoff, Klaus"]
[WhiteElo "2568"]
[BlackElo "2556"]
[WhiteCountry "UKR"]
[BlackCountry "GER"]
[Result "1/2-1/2"]

1. d4 e6 2. c4 d5 3. Nc3 Nf6 4. Nf3 Nbd7 5. Bg5 Be7 6. e3 h6 7. Bh4 O-O 
8. Rc1 c6 9. a3 a6 10. Bd3 dxc4 11. Bxc4 b5 12. Ba2 Bb7 13. O-O c5 14. Qe2 Ne4 
15. Nxe4 Bxe4 16. Bg3 c4 17. Rfd1 Rc8 18. Ne1 Nb6 19. f3 Bb7 20. Bb1 Na4 
21. Qc2 f5 22. Ba2 Bd5 23. e4 fxe4 24. fxe4 Bg5 25. Nf3 Bxc1 26. exd5 Be3+ 
27. Kh1 Qxd5 28. Bb1 Rf5 29. Nh4 Rcf8 30. Nxf5 exf5 31. Be5 Nb6 32. Qe2 Bg5 
33. Rf1 g6 34. Qf2 Nd7 35. h4 Bf6 36. Qg3 Bxe5 37. dxe5 Nxe5 38. h5 f4 
39. Qh4 g5 40. Qe1 f3 41. Be4 fxg2+ 42. Kxg2 Qd4 43. Rxf8+ Kxf8 44. Qf1+ Ke7 
45. Qe2 Kd6 46. Bf5 a5 47. Be4 b4 48. axb4 axb4 49. Bf5 Qf4 50. Bc8 Ke7 
51. Qe1 c3 52. bxc3 Qf3+ 53. Kh2 Qxc3 54. Qe4 Kd6 55. Qb7 g4 56. Qb6+ Ke7 
57. Bb7 Qd2+ 58. Kh1 Qd6 59. Qe3 Kf7 60. Be4 Kg7 61. Qa7+ Kf6 62. Qe3 Nf7 
63. Qf2+ Kg7 64. Qf5 Ng5 65. Bd5 g3 66. Kg2 Qf6 67. Qd7+ Kf8 68. Qc8+ Ke7 
69. Qc7+ Ke8 70. Qc8+ Qd8 71. Bc6+ Ke7 72. Qb7+ Kd6 73. Bf3 Nxf3 74. Qxb4+ Ke5 
75. Kxf3 Qf6+ 76. Kxg3 Qg5+ 77. Qg4 Qxg4+ 78. Kxg4 
1/2-1/2

[Event "34th Chess Olympiad (men)"]
[Site "Istanbul"]
[Date "2000.11.06"]
[Round "9.2.2"]
[White "Svidler, Peter"]
[Black "Georgiev, Kiril"]
[WhiteElo "2689"]
[BlackElo "2661"]
[WhiteCountry "RUS"]
[BlackCountry "BUL"]
[Result "0-1"]

1. e4 c5 2. Nf3 d6 3. d4 cxd4 4. Nxd4 Nf6 5. Nc3 a6 6. Be3 e6 7. f3 b5 
8. g4 Nfd7 9. Qd2 Nb6 10. O-O-O N8d7 11. Bg5 Qc7 12. Kb1 Bb7 13. Ndxb5 axb5 
14. Nxb5 Qc5 15. b4 Qc6 16. Nxd6+ Bxd6 17. Qxd6 Qxd6 18. Rxd6 Na4 19. Kc1 Bc8 
20. Bb5 Nc3 21. Bxd7+ Bxd7 22. Kb2 Rc8 23. Bd2 Na4+ 24. Kb3 Bb5 25. Rd4 Nb6 
26. Rc1 e5 27. Rd6 Bc4+ 28. Kb2 Na4+ 29. Ka3 Ke7 30. Rd5 Bxd5 31. exd5 Nc3 
0-1

[Event "34th Chess Olympiad (men)"]
[Site "Istanbul"]
[Date "2000.11.06"]
[Round "9.2.4"]
[White "Grischuk, Alexander"]
[Black "Kolev, Atanas"]
[WhiteElo "2606"]
[BlackElo "2582"]
[WhiteCountry "RUS"]
[BlackCountry "BUL"]
[Result "1-0"]

1. e4 e6 2. d4 d5 3. e5 c5 4. c3 Nc6 5. Nf3 Bd7 6. Be2 f6 7. O-O Qb6 
8. Na3 fxe5 9. dxe5 Nh6 10. c4 d4 11. Bd3 Nf7 12. Re1 Be7 13. h4 O-O-O 
14. Nc2 Rdg8 15. a3 g5 16. hxg5 Nxg5 17. Bxg5 Bxg5 18. b4 Be7 19. Be4 cxb4 
20. axb4 Nxb4 21. Nxb4 Bxb4 22. c5 Bxc5 23. Rb1 Bb4 24. Qc2+ Bc6 25. Bxc6 bxc6 
26. Rxb4 Qxb4 27. Qxc6+ Kd8 28. Rd1 Ke7 29. Qc7+ 
1-0

[Event "34th Chess Olympiad (men)"]
[Site "Istanbul"]
[Date "2000.11.06"]
[Round "9.3.2"]
[White "Vallejo, Pons Francisco"]
[Black "Lputian, Smbat G"]
[WhiteElo "2554"]
[BlackElo "2598"]
[WhiteCountry "ESP"]
[BlackCountry "ARM"]
[Result "0-1"]

1. Nc3 d6 2. b3 Nc6 3. Rb1 b6 4. b4 Nxb4 5. Rxb4 Bb7 6. Ne4 g6 7. Bb2 g5 
8. Bxh8 g4 9. Rc4 Rc8 10. Ng3 Nf6 11. Nf5 g3 12. Nxg3 exd4 13. exd4 c5 
14. Ne4 a4 15. Qd3 cxd4 16. Nxd4 Qa5+ 17. Kd1 a3 18. Nb3 Qa4 19. Nxf6+ Nxf6 
20. Rc4 Qxb5 21. Rd4 Qb6 22. Be2 Bd7 23. Kd2 Ra4 24. Rb1 Bb5 25. Qxb5 Rxd4+ 
0-1

[Event "34th Chess Olympiad (men)"]
[Site "Istanbul"]
[Date "2000.11.06"]
[Round "9.3.3"]
[White "Anastasian, Ashot"]
[Black "Comas, Fabrego Luis"]
[WhiteElo "2571"]
[BlackElo "2516"]
[WhiteCountry "ARM"]
[BlackCountry "ESP"]
[Result "1-0"]

1. d4 Nf6 2. c4 g6 3. Nc3 Bg7 4. Nf3 d6 5. g3 O-O 6. Bg2 Nbd7 7. O-O e5 
8. h3 Re8 9. e4 exd4 10. Nxd4 Nc5 11. Re1 h6 12. Nb3 Ne6 13. f4 a5 14. a4 h5 
15. Be3 Nd7 16. Qf3 c6 17. Rad1 Qc7 18. Qf2 b6 19. Nd4 Nxd4 20. Bxd4 Bf8 
21. g4 hxg4 22. Qh4 Bg7 23. hxg4 Ba6 24. g5 Bxd4+ 25. Rxd4 Nc5 26. Re3 Bc8 
27. f5 Bxf5 28. Bh3 Be6 29. Qh6 Rad8 30. e5 
1-0

[Event "34th Chess Olympiad (men)"]
[Site "Istanbul"]
[Date "2000.11.06"]
[Round "9.3.4"]
[White "Magem, Badals Jordi"]
[Black "Asrian, Karen"]
[WhiteElo "2482"]
[BlackElo "2566"]
[WhiteCountry "ESP"]
[BlackCountry "ARM"]
[Result "1/2-1/2"]

1. e4 c6 2. d4 d5 3. e5 Bf5 4. c3 e6 5. Be3 Nd7 6. Nd2 Qb6 7. Qb3 c5 
8. Qxb6 axb6 9. Bb5 c4 10. a4 Ne7 11. Ngf3 Nc6 12. b3 cxb3 13. Nxb3 Be7 
14. O-O O-O 15. Nfd2 Rfd8 16. Rfc1 Rac8 17. a5 Nxa5 18. Nxa5 bxa5 19. Rxa5 Nb6 
20. Ra7 Rc7 21. Nb3 Nc4 22. Bxc4 dxc4 
1/2-1/2

[Event "34th Chess Olympiad (men)"]
[Site "Istanbul"]
[Date "2000.11.06"]
[Round "9.4.3"]
[White "Ionescu, Constantin"]
[Black "Gallagher, Joseph G"]
[WhiteElo "2492"]
[BlackElo "2514"]
[WhiteCountry "ROM"]
[BlackCountry "SUI"]
[Result "1-0"]

1. Nf3 d6 2. d4 Nf6 3. g3 g6 4. b3 Bg7 5. Bb2 O-O 6. Bg2 e5 7. dxe5 Nfd7 
8. Nc3 dxe5 9. Qd2 Nc6 10. O-O-O a5 11. h4 h5 12. Ng5 Ra6 13. Kb1 Nd4 
14. e3 Ne6 15. Nxe6 Rxe6 16. Nb5 a4 17. Bh3 f5 18. e4 axb3 19. axb3 Rb6 
20. Qe2 Qe7 21. exf5 gxf5 22. Nxc7 Qc5 23. Nd5 Rh6 24. Qe3 Qxe3 25. fxe3 Re6 
26. e4 Nf6 27. Bxf5 Ree8 28. Bxc8 Nxd5 29. Bd7 Ne3 30. Rd3 
1-0

[Event "34th Chess Olympiad (men)"]
[Site "Istanbul"]
[Date "2000.11.06"]
[Round "9.4.4"]
[White "Jenni, Florian"]
[Black "Badea, Bela"]
[WhiteElo "2440"]
[BlackElo "2480"]
[WhiteCountry "SUI"]
[BlackCountry "ROM"]
[Result "0-1"]

1. e4 g6 2. d4 Bg7 3. Nf3 c6 4. Nc3 d5 5. h3 Nh6 6. Bf4 f6 7. exd5 cxd5 
8. Bb5+ Nc6 9. O-O O-O 10. Re1 Nf7 11. Ba4 e6 12. Bh2 a6 13. Bxc6 bxc6 
14. Na4 Re8 15. c4 e5 16. dxe5 fxe5 17. Qd2 Bf5 18. Rad1 dxc4 19. Qxd8 Raxd8 
20. Rxd8 Rxd8 21. Bxe5 Nxe5 22. Nxe5 Re8 23. f4 g5 24. Rf1 gxf4 25. Nxc4 Re4 
26. b3 Be6 27. Nab2 Bd4+ 28. Kh2 Ba7 29. Rd1 Bf2 30. Nd2 Re2 31. Nd3 Bg3+ 
32. Kg1 Bd5 33. Nf3 a5 34. b4 a4 35. b5 Bxf3 36. gxf3 cxb5 37. Nb4 Rb2 
38. a3 Bf2+ 39. Kh1 Rb3 40. Rd7 Rxa3 41. Nd5 Bh4 42. Kg2 Ra2+ 43. Kg1 a3 
0-1

[Event "34th Chess Olympiad (men)"]
[Site "Istanbul"]
[Date "2000.11.06"]
[Round "9.5.2"]
[White "Avrukh, Boris"]
[Black "Gulko, Boris F"]
[WhiteElo "2625"]
[BlackElo "2643"]
[WhiteCountry "ISR"]
[BlackCountry "USA"]
[Result "1/2-1/2"]

1. d4 Nf6 2. c4 e6 3. Bg5 h6 4. Bh4 Bb4+ 5. Nd2 c5 6. a3 Bxd2+ 7. Qxd2 g5 
8. Bg3 Ne4 9. Qe3 Nxg3 10. hxg3 Qa5+ 11. Kd1 d6 12. Nf3 Bd7 13. d5 Na6 
14. Nxg5 Nc7 15. Rc1 Rg8 16. Ne4 O-O-O 17. Nf6 Ba4+ 18. b3 Rg6 19. Nh5 Bd7 
20. Nf4 Rf6 21. dxe6 fxe6 22. Qc3 Qxc3 23. Rxc3 b5 24. e3 bxc4 25. bxc4 e5 
26. Nd3 Bc6 27. Rh2 Ne6 28. Ke1 Kc7 29. Rb3 Ng5 30. Be2 Rdf8 31. f4 Ne4 
32. fxe5 dxe5 33. Nxe5 Ba4 34. Rb2 Re6 35. Nd3 Nxg3 36. Nf4 Ra6 37. Nd5+ Kc8 
38. Bg4+ Bd7 39. Bxd7+ Kxd7 40. Rb7+ Kc8 41. Rb3 Rf1+ 42. Kd2 Ra1 43. Rh4 R6xa3 
44. Rxa3 Rxa3 45. Rxh6 Ne4+ 46. Ke2 Ra2+ 47. Kf3 Nd2+ 48. Kf4 Nxc4 49. g4 Kd7 
50. Nf6+ Ke7 51. Nd5+ Kd7 52. Nf6+ Ke7 53. Ne4 Re2 54. Nxc5 Rxe3 55. Rh7+ Ke8 
56. Ne4 Re1 57. Kf5 Ra1 58. g5 Ra5+ 59. Kf6 Ra6+ 60. Kg7 Ne3 61. Kh8 Nf5 
62. Rb7 Kf8 63. Nf6 Ne7 64. Nd7+ 
1/2-1/2

[Event "34th Chess Olympiad (men)"]
[Site "Istanbul"]
[Date "2000.11.06"]
[Round "9.7.3"]
[White "Kurajica, Bojan"]
[Black "Van, Der Sterren Paul"]
[WhiteElo "2534"]
[BlackElo "2569"]
[WhiteCountry "BIH"]
[BlackCountry "NED"]
[Result "1/2-1/2"]

1. c4 e6 2. g3 d5 3. Bg2 g6 4. Qb3 c6 5. Nf3 Bg7 6. d4 Ne7 7. O-O O-O 8. Nc3 b6 
9. Bf4 Ba6 10. cxd5 Nxd5 11. Bg5 Qd6 12. Rfe1 h6 13. Ne4 Qb4 14. Qxb4 Nxb4 
15. Be7 Nc2 16. Bxf8 Kxf8 17. e3 Nd7 18. Rac1 Nxe1 19. Nxe1 Rc8 20. Nd6 Rd8 
21. Bxc6 Nb8 22. Bb7 e5 23. Bxa6 Nxa6 24. dxe5 Bxe5 25. Nc4 Bf6 26. b3 b5 
27. Na5 Nb4 28. a3 Na2 29. Rc2 Nc3 30. Kg2 Rd1 31. Nf3 Ra1 32. Nc6 Rxa3 
33. b4 a6 34. Nfe5 Bxe5 35. Nxe5 Ke7 36. Rd2 Ke6 37. Nc6 Ne4 38. Nd8+ Ke7 
39. Nc6+ Ke6 40. Nd8+ Ke5 
1/2-1/2

[Event "34th Chess Olympiad (men)"]
[Site "Istanbul"]
[Date "2000.11.06"]
[Round "9.7.4"]
[White "Nijboer, Friso"]
[Black "Dizdarevic, Emir"]
[WhiteElo "2537"]
[BlackElo "2527"]
[WhiteCountry "NED"]
[BlackCountry "BIH"]
[Result "1/2-1/2"]

1. e4 c6 2. d4 d5 3. e5 Bf5 4. Nf3 e6 5. Be2 Ne7 6. O-O h6 7. a3 Nd7 8. b3 c5 
9. dxc5 Nc6 10. b4 a5 11. b5 Ncxe5 12. Nd4 Qf6 13. Nxf5 Qxf5 14. c6 bxc6 
15. bxc6 Nf6 16. Nc3 Bc5 17. Bd3 Nxd3 18. cxd3 Qe5 19. Bb2 O-O 20. Na4 Bd4 
21. Bxd4 Qxd4 22. Rb1 Ra6 23. Qc2 Rc8 24. c7 Qa7 25. Rfc1 Ne8 26. d4 Rxc7 
27. Qd3 Rac6 28. Rc5 Nd6 29. Qc2 Nc4 30. Rb3 Rc8 31. h3 R6c7 32. Qc3 Rb8 
33. Qg3 Rcb7 34. Rd3 Rb1+ 35. Kh2 Qd7 36. Nc3 R1b7 37. Qf4 a4 38. Rg3 Nd6 
39. Nxd5 Kh8 40. Nf6 Qd8 41. Nh5 f6 42. Re3 Nb5 43. Rxe6 Qxd4 44. Qxd4 Nxd4 
45. Re4 Nb3 46. Rc2 Ra7 47. g4 Rd8 48. Kg2 Nd4 49. Rc4 Rad7 50. Ng3 Nb5 
51. Re3 Rd4 52. Rxd4 Nxd4 53. Rd3 Ne6 54. Rxd8+ Nxd8 55. Ne4 Ne6 56. Nc3 Nd4 
57. f4 Kg8 58. Kf2 Kf7 59. Nb1 f5 60. Ke3 fxg4 61. hxg4 Nb5 62. Kd3 g6 
63. Kc4 Nxa3+ 64. Nxa3 h5 65. Nc2 hxg4 
1/2-1/2

[Event "34th Chess Olympiad (men)"]
[Site "Istanbul"]
[Date "2000.11.06"]
[Round "9.8.2"]
[White "Rytshagov, Mikhail"]
[Black "Stohl, Igor"]
[WhiteElo "2529"]
[BlackElo "2578"]
[WhiteCountry "EST"]
[BlackCountry "SVK"]
[Result "1/2-1/2"]

1. e4 c6 2. d4 d5 3. e5 Bf5 4. c3 e6 5. Be3 Nd7 6. Nd2 f6 7. f4 g5 8. Ngf3 gxf4 
9. Bxf4 Bh6 10. Bg3 Qb6 11. Qb3 fxe5 12. Nxe5 Ngf6 13. Ndf3 Nxe5 14. Nxe5 O-O 
15. Bd3 Bxd3 
1/2-1/2

[Event "34th Chess Olympiad (men)"]
[Site "Istanbul"]
[Date "2000.11.06"]
[Round "9.8.3"]
[White "Timoscenko, Genadij"]
[Black "Sepp, Olav"]
[WhiteElo "2529"]
[BlackElo "2439"]
[WhiteCountry "SVK"]
[BlackCountry "EST"]
[Result "1/2-1/2"]

1. d4 Nf6 2. Nf3 g6 3. b3 Bg7 4. Bb2 O-O 5. e3 d5 6. Nbd2 Bg4 7. Be2 Nbd7 
8. h3 Bxf3 9. Nxf3 Ne4 10. c4 e6 11. O-O c6 12. Qc2 f5 13. Rfd1 Kh8 14. Bd3 Rg8 
15. Nh2 Qf6 16. f3 Nd6 17. e4 dxe4 18. fxe4 fxe4 19. Bxe4 Qf4 20. Bf3 Nf5 
21. Qd2 Qc7 22. Re1 Rad8 23. Qf2 e5 24. d5 Nd4 25. Rad1 c5 26. Be4 Rgf8 
27. Qe3 Nf6 28. Bb1 Nh5 29. Ng4 Rde8 30. Nf2 e4 31. Bxd4 cxd4 32. Rxd4 Qb6 
33. Red1 Nf4 34. Kf1 Nd3 35. R4xd3 exd3 36. Qxb6 axb6 37. Rxd3 Be5 38. Rf3 Kg7 
39. Ne4 Rxf3+ 40. gxf3 Bf4 41. a4 Kf7 42. Bd3 Ke7 43. Kf2 Rf8 44. Bf1 g5 
1/2-1/2

[Event "34th Chess Olympiad (men)"]
[Site "Istanbul"]
[Date "2000.11.06"]
[Round "9.8.4"]
[White "Kiik, Kalle"]
[Black "Kotan, Ladislav"]
[WhiteElo "2442"]
[BlackElo "2434"]
[WhiteCountry "EST"]
[BlackCountry "SVK"]
[Result "1-0"]

1. Nf3 d5 2. g3 c6 3. Bg2 Bg4 4. c4 e6 5. cxd5 exd5 6. O-O Nf6 7. d3 Nbd7 
8. Qc2 Bc5 9. h3 Bh5 10. Nc3 h6 11. Na4 Bd6 12. Nh4 O-O 13. Nf5 Bc7 14. e4 Bg6 
15. Nh4 Bh7 16. Bd2 Re8 17. Rae1 Rc8 18. b4 a5 19. a3 axb4 20. axb4 b5 
21. Nc5 Nxc5 22. bxc5 Ra8 23. Bc3 dxe4 24. dxe4 Ra4 25. Nf5 Be5 26. Rd1 Qa8 
27. Nd6 Bxd6 28. cxd6 Nxe4 29. Rfe1 Nxd6 30. Qd2 Rxe1+ 31. Qxe1 Ne4 32. Bb4 Nf6 
33. Bxc6 Qc8 34. Qe7 Bd3 35. Bg2 Qc4 36. Qd8+ Kh7 37. Be7 Be2 38. Re1 Ng8 
39. Bf8 Nf6 40. Be7 Ra6 41. Qd2 Ra2 42. Qe3 Qe6 43. Qc5 Nd7 44. Qd5 Qxd5 
45. Bxd5 Bc4 46. Be4+ g6 47. Bc6 Nb6 48. Rd1 Re2 49. Bb4 Re6 50. Bb7 Na4 
51. g4 Re2 52. Rd8 h5 53. g5 Re5 54. f4 Re2 55. Bf3 Re6 56. h4 Re3 57. Kf2 Rd3 
58. Rb8 Rd7 59. Be4 Rd4 60. Ke3 Rd7 61. Bc2 Kg7 62. f5 gxf5 63. Bxf5 Be6 
64. Bf8+ 
1-0

[Event "34th Chess Olympiad (men)"]
[Site "Istanbul"]
[Date "2000.11.06"]
[Round "9.9.2"]
[White "Olafsson, Helgi"]
[Black "Short, Nigel D"]
[WhiteElo "2478"]
[BlackElo "2677"]
[WhiteCountry "ISL"]
[BlackCountry "ENG"]
[Result "1/2-1/2"]

1. d4 e6 2. Nf3 Nf6 3. c4 b6 4. g3 Ba6 5. b3 Bb4+ 6. Bd2 Bxd2+ 7. Qxd2 c6 
8. Bg2 d5 9. O-O O-O 10. Rc1 Nbd7 11. cxd5 cxd5 12. Nc3 Rc8 13. Rc2 Qe7 
14. Rac1 Rfd8 15. Qf4 Qf8 16. Bf1 Nh5 17. Qd2 Nhf6 18. Qf4 Ne8 19. Ne5 Nxe5 
20. dxe5 d4 21. Ne4 Rxc2 22. Rxc2 h6 23. h4 Qe7 24. Rd2 Qc7 25. Bg2 f5 
26. exf6 Qxf4 27. gxf4 Nxf6 28. Nxf6+ gxf6 29. Be4 Kf7 30. Rc2 Rc8 
31. Rxc8 Bxc8 32. e3 dxe3 33. fxe3 a5 34. a3 Ke7 35. Kf2 Kd6 36. b4 axb4 
37. axb4 Bd7 38. Ke2 e5 
1/2-1/2

[Event "34th Chess Olympiad (men)"]
[Site "Istanbul"]
[Date "2000.11.06"]
[Round "9.9.3"]
[White "Hodgson, Julian M"]
[Black "Thorhallsson, Throstur"]
[WhiteElo "2640"]
[BlackElo "2454"]
[WhiteCountry "ENG"]
[BlackCountry "ISL"]
[Result "1-0"]

1. d4 d5 2. Bg5 h6 3. Bh4 c6 4. Nf3 Qb6 5. Qc1 Bf5 6. c4 e6 7. Nc3 Be7 
8. Bg3 Nf6 9. c5 Qd8 10. e3 Nbd7 11. h3 O-O 12. b4 Ne4 13. Nxe4 Bxe4 
14. Nd2 Bh7 15. Qc3 Re8 16. Bd3 Bxd3 17. Qxd3 Bh4 18. Bd6 e5 19. O-O Bf6 
20. a4 a6 21. b5 axb5 22. axb5 Rxa1 23. Rxa1 exd4 24. exd4 cxb5 25. Nf3 b6 
26. Ra7 bxc5 27. Qxb5 Nf8 28. dxc5 Qc8 29. Rb7 Qa8 30. c6 Qa1+ 31. Kh2 Ne6 
32. c7 
1-0

[Event "34th Chess Olympiad (men)"]
[Site "Istanbul"]
[Date "2000.11.06"]
[Round "9.10.1"]
[White "Krasenkow, Michal"]
[Black "Yuldashev, Saydali"]
[WhiteElo "2702"]
[BlackElo "2515"]
[WhiteCountry "POL"]
[BlackCountry "UZB"]
[Result "0-1"]

1. e4 e5 2. Nf3 Nc6 3. Bb5 Nf6 4. d3 d5 5. c3 g6 6. Bg5 Bg7 7. Nbd2 O-O 
8. Nf1 Bd7 9. Ne3 h6 10. Bh4 Qe8 11. Nd2 Nh5 12. O-O Nf4 13. Bg3 a6 
14. Bxc6 Bxc6 15. Bxf4 exf4 16. Nxd5 Bxd5 17. exd5 Qb5 18. Qb3 Qxd3 
19. Rfd1 Qb5 20. Nf3 Rfe8 21. Qc2 Re2 22. Rd2 Rae8 23. Rad1 Qc4 24. a3 b5 
25. h3 Bd4 
0-1

[Event "34th Chess Olympiad (men)"]
[Site "Istanbul"]
[Date "2000.11.06"]
[Round "9.10.2"]
[White "Safin, Shukhrat"]
[Black "Macieja, Bartlomiej"]
[WhiteElo "2518"]
[BlackElo "2536"]
[WhiteCountry "UZB"]
[BlackCountry "POL"]
[Result "1/2-1/2"]

1. d4 Nf6 2. c4 e6 3. Nf3 Bb4+ 4. Nbd2 b6 5. a3 Bxd2+ 6. Bxd2 Bb7 7. g3 a5 
8. Bg2 d6 9. b4 axb4 10. axb4 Nbd7 11. O-O O-O 12. Qc2 Be4 13. Qb2 Qe7 
14. Rfc1 h6 15. Bf1 Bb7 16. Be1 Rxa1 17. Rxa1 Ra8 18. Rxa8+ Bxa8 19. Qa3 Qd8 
20. Nd2 e5 21. d5 b5 22. e4 bxc4 23. Bxc4 Qb8 24. f3 Nb6 25. b5 Nxc4 
26. Nxc4 Bxd5 27. exd5 Qxb5 28. Qd3 Qxd5 29. Qxd5 Nxd5 30. Ba5 Kf8 31. Kf2 Ke7 
32. f4 Ke6 33. Ne3 exf4 34. Nxd5 fxg3+ 35. hxg3 Kxd5 36. Bxc7 f5 37. Ke3 g5 
38. Ba5 f4+ 39. gxf4 gxf4+ 
1/2-1/2

[Event "34th Chess Olympiad (men)"]
[Site "Istanbul"]
[Date "2000.11.06"]
[Round "9.10.3"]
[White "Socko, Bartosz"]
[Black "Dzhumaev, Marat"]
[WhiteElo "2528"]
[BlackElo "2495"]
[WhiteCountry "POL"]
[BlackCountry "UZB"]
[Result "1-0"]

1. e4 g6 2. d4 Bg7 3. Nc3 d6 4. f4 Nf6 5. Nf3 O-O 6. Be3 Na6 7. e5 Ng4 
8. Bg1 c5 9. h3 cxd4 10. Qxd4 Nh6 11. O-O-O Qa5 12. g4 dxe5 13. fxe5 Nb4 
14. Bc4 b5 15. Bb3 Be6 16. a3 Nc6 17. Qe4 Rac8 18. Nd5 b4 19. a4 Rfd8 
20. Be3 Rd7 21. Rd2 Qa6 22. Kb1 Na5 23. Nxb4 Qb7 24. Qxb7 Rxb7 25. Bxe6 fxe6 
26. Nd3 Nf7 27. Re2 Nc4 28. Bf4 Nb6 29. Re4 Nd5 30. Bd2 Bh6 31. Be1 Rbc7 
32. Rh2 Rf8 33. Ka2 Rfc8 34. c3 Rd7 35. Nd4 Rc4 36. Kb3 Rc8 37. h4 Rb7+ 
38. Ka3 Rc4 39. Rhe2 Nd8 40. g5 Bg7 41. Nb3 Rc8 42. c4 Nc7 43. Nbc5 Rbb8 
44. Ba5 Ne8 45. Bxd8 Rxd8 46. b4 Nc7 47. b5 Rf8 48. Kb4 Rf1 49. Re1 Rf3 
50. R4e3 Rf5 51. Nd7 Rd8 52. N3c5 Rf4 53. Re4 Rf2 54. a5 Rb2+ 55. Kc3 Ra2 
56. R4e2 Rxa5 57. Kb4 
1-0

[Event "34th Chess Olympiad (men)"]
[Site "Istanbul"]
[Date "2000.11.06"]
[Round "9.10.4"]
[White "Barsov, Alexei"]
[Black "Kempinski, Robert"]
[WhiteElo "2534"]
[BlackElo "2522"]
[WhiteCountry "UZB"]
[BlackCountry "POL"]
[Result "1-0"]

1. d4 Nf6 2. c4 g6 3. Nc3 Bg7 4. e4 d6 5. Nf3 O-O 6. h3 e5 7. d5 a5 8. Bg5 Na6 
9. g4 Qe8 10. Be2 Nd7 11. a3 f6 12. Be3 f5 13. gxf5 gxf5 14. exf5 Ndc5 
15. b4 e4 16. Nd4 Nd3+ 17. Bxd3 exd3 18. Rg1 Qe5 19. Kd2 Bxf5 20. Rg5 h6 
21. Rh5 Nxb4 22. axb4 axb4 23. Rxf5 bxc3+ 24. Kxd3 c2 25. Qxc2 Qh2 
26. Rxa8 Rxa8 27. Ne6 Be5 28. Ke2 Qxh3 29. Rf8+ 
1-0

[Event "34th Chess Olympiad (men)"]
[Site "Istanbul"]
[Date "2000.11.06"]
[Round "9.11.1"]
[White "Nogueiras, Jesus"]
[Black "Hansen, Curt"]
[WhiteElo "2552"]
[BlackElo "2613"]
[WhiteCountry "CUB"]
[BlackCountry "DEN"]
[Result "1/2-1/2"]

1. Nf3 c5 2. c4 Nc6 3. d4 cxd4 4. Nxd4 Nf6 5. Nc3 e6 6. a3 Nxd4 7. Qxd4 b6 
8. Qf4 Be7 9. e4 d6 10. Qg3 O-O 11. Bh6 Ne8 12. Bd2 Nf6 13. Bh6 Ne8 14. Bd2 
1/2-1/2

[Event "34th Chess Olympiad (men)"]
[Site "Istanbul"]
[Date "2000.11.06"]
[Round "9.11.2"]
[White "Hansen, Lars"]
[Black "Vera, Reynaldo"]
[WhiteElo "2562"]
[BlackElo "2584"]
[WhiteCountry "DEN"]
[BlackCountry "CUB"]
[Result "1/2-1/2"]

1. d4 d5 2. c4 e6 3. Nc3 c6 4. e3 Nd7 5. Qc2 Ngf6 6. Nf3 Bd6 7. b3 O-O 
8. Be2 a6 9. O-O e5 10. cxd5 cxd5 11. dxe5 Nxe5 12. Bb2 Be6 13. Rac1 Rc8 
14. Qb1 Nfg4 15. Nxe5 Bxe5 16. Bxg4 Bxg4 17. Na4 Bb8 18. Rxc8 Bxc8 19. Bd4 Qd6 
20. f4 Re8 21. Qd3 f6 22. Rc1 Bd7 23. Nc3 Bc6 24. Qd1 Qe6 25. Qf3 Be5 
26. fxe5 fxe5 27. Ne2 exd4 
1/2-1/2

[Event "34th Chess Olympiad (men)"]
[Site "Istanbul"]
[Date "2000.11.06"]
[Round "9.11.3"]
[White "Arencibia, Walter"]
[Black "Hansen, Sune"]
[WhiteElo "2513"]
[BlackElo "2545"]
[WhiteCountry "CUB"]
[BlackCountry "DEN"]
[Result "1/2-1/2"]

1. d4 Nf6 2. c4 e6 3. Nc3 Bb4 4. f3 d5 5. a3 Bxc3+ 6. bxc3 c5 7. cxd5 Nxd5 
8. dxc5 Qa5 9. e4 Nf6 10. Be3 O-O 11. Qb3 Nfd7 12. a4 Qc7 13. Qa3 b6 
14. cxb6 axb6 15. Nh3 Ba6 16. Bxa6 Nxa6 17. O-O Nac5 18. Qb4 
1/2-1/2

[Event "34th Chess Olympiad (men)"]
[Site "Istanbul"]
[Date "2000.11.06"]
[Round "9.11.4"]
[White "Schandorff, Lars"]
[Black "Perez, Rodney"]
[WhiteElo "2520"]
[BlackElo "2478"]
[WhiteCountry "DEN"]
[BlackCountry "CUB"]
[Result "1-0"]

1. Nf3 d5 2. d4 Nf6 3. c4 c6 4. Nc3 a6 5. c5 Bf5 6. Bf4 Nbd7 7. e3 e6 
8. Be2 Be7 9. Nd2 Bg6 10. b4 h6 11. O-O O-O 12. Bg3 Ne8 13. Nb3 Nc7 14. a4 Bh4 
15. Bxh4 Qxh4 16. f4 Qe7 17. Bd3 Bxd3 18. Qxd3 Nf6 19. Nd2 Rfb8 20. Nf3 Qe8 
21. Rab1 Nh7 22. e4 dxe4 23. Nxe4 Qe7 24. Ne5 f5 25. Nd6 Nf6 26. Rbe1 Ncd5 
27. Ng6 Qd7 28. Qe2 Re8 29. Ne5 Qc7 30. Nxe8 Rxe8 31. Qb2 Rd8 32. b5 axb5 
33. axb5 Ne4 34. Rf3 Kh7 35. g3 Rc8 36. bxc6 bxc6 37. Rb3 Qd8 38. Ra1 Ndc3 
39. Rb4 Qd5 40. Ra7 Rd8 41. Qb3 Ne2+ 42. Kg2 
1-0

[Event "34th Chess Olympiad (men)"]
[Site "Istanbul"]
[Date "2000.11.06"]
[Round "9.12.1"]
[White "Ye, Jiangchuan"]
[Black "Giorgadze, Giorgi"]
[WhiteElo "2670"]
[BlackElo "2599"]
[WhiteCountry "CHN"]
[BlackCountry "GEO"]
[Result "1/2-1/2"]

1. e4 e5 2. Nf3 Nc6 3. Bb5 a6 4. Ba4 Nf6 5. O-O Be7 6. Re1 b5 7. Bb3 O-O 
8. h3 d6 9. c3 Nb8 10. d4 Nbd7 11. Nbd2 Bb7 12. Bc2 Re8 13. Nf1 Bf8 14. Ng3 g6 
15. a4 c5 16. d5 c4 17. Bg5 h6 18. Be3 Nc5 19. Qd2 h5 20. Bg5 Be7 21. Bh6 Bf8 
22. Bg5 Be7 23. Ra3 Nfd7 24. Be3 Qc7 25. Ng5 Bf6 26. Kh1 Bg7 27. Rf1 Re7 
28. axb5 axb5 29. Rxa8+ Bxa8 30. f4 exf4 31. Bxf4 Ne5 32. Nf3 Ned3 
33. Bxd3 cxd3 34. Re1 f5 35. exf5 Bxd5 36. fxg6 Ne4 37. Nxe4 Bxe4 38. Bg5 Re6 
39. Nh4 d5 40. Qf2 Qd7 41. Rf1 Bxg6 42. Nxg6 Rxg6 43. h4 d4 44. cxd4 Rd6 
45. Qf3 Rxd4 46. Bf6 Rg4 47. Bxg7 Rxh4+ 48. Kg1 Qa7+ 49. Rf2 Qa1+ 50. Rf1 Qa7+ 
1/2-1/2

[Event "34th Chess Olympiad (men)"]
[Site "Istanbul"]
[Date "2000.11.06"]
[Round "9.12.2"]
[White "Sturua, Zurab"]
[Black "Xu, Jun"]
[WhiteElo "2594"]
[BlackElo "2668"]
[WhiteCountry "GEO"]
[BlackCountry "CHN"]
[Result "1-0"]

1. c4 e5 2. g3 Nf6 3. Bg2 d5 4. cxd5 Nxd5 5. Nc3 Nb6 6. d3 Be7 7. Nf3 Nc6 
8. O-O O-O 9. a3 Re8 10. b4 Bf8 11. Bb2 a5 12. b5 Nd4 13. e3 Nxf3+ 14. Bxf3 a4 
15. Qc2 Bf5 16. Rfd1 Ra7 17. Be4 Be6 18. d4 Bb3 19. Bxh7+ Kh8 20. Qf5 g6 
21. Qh3 Qc8 22. g4 Kg7 23. Ne4 Nc4 24. Bc3 Nd6 25. Nf6 Nxb5 26. Bb2 Kxf6 
27. dxe5+ Ke6 28. g5+ Ke7 29. e6 fxe6 30. Bf6+ 
1-0